000 00412cam a2200169ua 4500
003 OSt
008 250502b |||||||| |||| 00| 0 eng d
041 _aeng
082 _a624.1517
_bNAG/SU
100 _aNagraj , M S .
_97439
245 _aSurveying made easy /
250 _a1 /
260 _aAllaha bad -2 :
_bSaroj Prakashan ,
_c1965.
300 _a448 ; .
700 1 _aSharma, S.C.
_95772
942 _cBK
999 _c3111
_d3111